000 00590nam a2200217 a 4500
005 20140310183451.0
008 090108s19uu xx 00 eng d
020 _a9781422102505
050 _aHD 31
_b.H25 2007
100 _aHamel, Gary
245 _aThe future of management /
_cGary Hamel
260 _aU.S.A :
_bHarvard Business School Publishing,
_c2007.
300 _a272 p. :
_c25 cm.
521 _aBSBA
650 _aBSBA.
650 _aManagement.
650 _aTechnological innovations
_xManagement.
700 _aBreen, Bill
942 _cBK
_2lcc
_kFOR
999 _c23428
_d23428